Obrazy z dějin české architektury

Saved in:
Bibliographic Details
Main Authors: Kotalík, Jiří T. (Author), Vávra, David (Author)
Other Authors: Frič, Pavel (Photographer)
Format: Book
Published: Praha : Grada Publishing, 2003
Subjects:
Tags: Add Tag
No Tags, Be the first to tag this record!

MARC

LEADER 00000nam a22000003a 4500
001 stu96637
005 20190206132421.6
008 051026s2003----------------------------d
020 |a 80-247-0755-1 
040 |a STU  |b slo 
041 0
100 1 |a Kotalík, Jiří T.  |4 aut 
245 1 |a Obrazy z dějin české architektury 
260 |a Praha :  |b Grada Publishing,  |c 2003 
300 |a 309 s 
650 7 |a architektúra česká  |2 stusub 
700 1 |a Vávra, David  |4 aut 
700 1 |a Frič, Pavel  |4 pht 
996 |b 284AU01729  |c A*4334 U  |l AAKNST  |s P  |a 0  |w stu96637_0001